000 00305nam a2200145Ia 4500
100 _aMohan/Undeland Robbins
250 _a2
942 _cBK
654 _apower
245 _aPower Electronics
260 _bJohn Wiley
_aNew york
_c1995
082 _a621.317
_bMOH
300 _a802
546 _aENGLISH
999 _c25002
_d25002